000 00415nam a2200181Ia 4500
001 3020
005 20260306144850.0
008 260306t1989||||xx |||||||||||||| ||spa||
041 _aESP
082 _a242
_bB45
100 _aBernanos, Georges
_eAUT
245 0 _aLa libertad, ¿para qué?
260 _c1989
300 _a218 páginas :
_c18 cm.
650 _aGEN
654 _aCHU
942 _cLIB
_dJUS
_fJUS
_2ddc
_n
999 _c3020
_d3020